The Prophet and Islam. (Record no. 66676)

MARC details
000 -LEADER
fixed length control field 00648cam a22002291 4500
001 - CONTROL NUMBER
control field sa 65010290
003 - CONTROL NUMBER IDENTIFIER
control field DLC
005 - DATE AND TIME OF LATEST TRANSACTION
control field 20260227112207.0
008 - FIXED-LENGTH DATA ELEMENTS--GENERAL INFORMATION
fixed length control field 870824s1964 pk 000 0 eng
010 ## - LIBRARY OF CONGRESS CONTROL NUMBER
LC control number sa 65010290
025 ## - OVERSEAS ACQUISITION NUMBER
Overseas acquisition number PL480:P-E-726
035 ## - SYSTEM CONTROL NUMBER
System control number (OCoLC)16529319
040 ## - CATALOGING SOURCE
Original cataloging agency DLC
Transcribing agency WaU
Modifying agency DLC
050 00 - LIBRARY OF CONGRESS CALL NUMBER
Classification number BP75
Item number .L32
100 1# - MAIN ENTRY--PERSONAL NAME
Personal name Lane-Poole, Stanley,
Dates associated with a name 1854-1931.
245 14 - TITLE STATEMENT
Title The Prophet and Islam.
250 ## - EDITION STATEMENT
Edition statement Abridged from an ed. of 1879.
260 ## - PUBLICATION, DISTRIBUTION, ETC.
Place of publication, distribution, etc. Lahore,
Name of publisher, distributor, etc. National Book Society
Date of publication, distribution, etc. [1964]
300 ## - PHYSICAL DESCRIPTION
Extent 48 p.
Dimensions 19 cm.
490 0# - SERIES STATEMENT
Series statement National Book Society. Publication
Volume/sequential designation no. 1
600 00 - SUBJECT ADDED ENTRY--PERSONAL NAME
Personal name Muḥammad,
Titles and other words associated with a name Prophet,
Dates associated with a name -632.

No items available.

Powered by Koha